[Event "Titled Tuesday intern op 18th Jan"]
[Site "Chess.com INT"]
[Date "2022.01.18"]
[Round "11"]
[White "Aggelis, Nikolaos"]
[Black "Palkovich, Denis"]
[Result "1-0"]
[WhiteElo "2284"]
[BlackElo "2190"]
[PlyCount "61"]
[EventDate "2022.01.18"]
[EventType "swiss (blitz)"]
[EventRounds "11"]
[EventCountry "USA"]
[SourceTitle "CBM 206 Extra"]
[Source "ChessBase"]
[SourceDate "2022.03.31"]
[SourceVersion "1"]
[SourceVersionDate "2022.03.31"]
[SourceQuality "1"]

1. d4 Nf6 2. Nf3 c5 3. d5 e6 4. c4 b5 5. cxb5 Nxd5 6. e4 Nf6 7. Nc3 Bb7 8. Bd3 d5 9. e5 Nfd7 10. 0-0 c4 11. Bc2 Nc5 12. Re1 Nbd7 13. Nd4 Qc7 14. Bf4 Be7 15. Qg4 g6 16. Rad1 h5 17. Qe2 g5 18. Bc1 0-0-0 19. b3 cxb3 20. axb3 Nxb3 21. Nc6 Nxc1 22. Nxe7+ Kb8 23. Rxc1 Qxc3 24. Nc6+ Bxc6 25. bxc6 Qxc6 26. Rb1+ Nb6 27. Rec1 Qc4 28. Bd3 Qg4 29. Rxb6+ axb6 30. Qb2 Ka7 31. Rc7+ 1-0

[Event "Titled Tuesday intern op 29th Dec"]
[Site "Chess.com INT"]
[Date "2020.12.29"]
[Round "7"]
[White "Palkovich, Denis"]
[Black "Berdnyk, Mariia"]
[Result "0-1"]
[WhiteElo "2190"]
[BlackElo "2319"]
[PlyCount "74"]
[EventDate "2020.12.29"]
[EventType "swiss (blitz)"]
[EventRounds "11"]
[EventCountry "USA"]
[SourceTitle "CBM 200 Extra"]
[Source "ChessBase"]
[SourceDate "2021.03.31"]
[SourceVersion "1"]
[SourceVersionDate "2021.03.31"]
[SourceQuality "1"]

1. d4 Nf6 2. Bf4 g6 3. e3 Bg7 4. Nf3 0-0 5. Be2 d6 6. h3 Nbd7 7. 0-0 c6 8. c4 Qc7 9. Nc3 e5 10. Bh2 Re8 11. c5 dxc5 12. dxe5 Nd5 13. e6 Ne5 14. exf7+ Qxf7 15. Nxe5 Bxe5 16. Bxe5 Rxe5 17. Bc4 Be6 18. e4 Nxc3 19. Bxe6 Qxe6 20. bxc3 Rxe4 21. Qd2 Re8 22. Rad1 Re2 23. Qh6 Rxa2 24. h4 Re2 25. h5 b5 26. hxg6 Qxg6 27. Qh4 R2e4 28. Qh2 b4 29. cxb4 cxb4 30. Rd6 Qg7 31. Rxc6 b3 32. Rc7 Qg6 33. Rxa7 b2 34. Rb7 Re1 35. Rxb2 Rxf1+ 36. Kxf1 Qd3+ 37. Kg1 Qd1# 0-1

[Event "Titled Tuesday intern op 29th Dec"]
[Site "Chess.com INT"]
[Date "2020.12.29"]
[Round "5"]
[White "Palkovich, Denis"]
[Black "Rustemov, Alexander"]
[Result "0-1"]
[WhiteElo "2190"]
[BlackElo "2525"]
[PlyCount "64"]
[EventDate "2020.12.29"]
[EventType "swiss (blitz)"]
[EventRounds "11"]
[EventCountry "USA"]
[SourceTitle "CBM 200 Extra"]
[Source "ChessBase"]
[SourceDate "2021.03.31"]
[SourceVersion "1"]
[SourceVersionDate "2021.03.31"]
[SourceQuality "1"]

1. d4 g6 2. Bf4 Bg7 3. e3 c5 4. c3 Qb6 5. Qb3 d6 6. Nd2 Be6 7. Qxb6 axb6 8. Bc4 Bxc4 9. Nxc4 Nd7 10. Nf3 Ngf6 11. 0-0 Ra4 12. Ncd2 Nd5 13. Bg3 b5 14. e4 Nc7 15. e5 dxe5 16. Nxe5 Nxe5 17. Bxe5 Bxe5 18. dxe5 Ne6 19. b3 Ra3 20. f4 0-0 21. f5 gxf5 22. Rxf5 Rfa8 23. Raf1 Rxa2 24. Ne4 Rf8 25. Ng5 Nxg5 26. Rxg5+ Kh8 27. Rgf5 Rc2 28. Rxf7 Rxf7 29. Rxf7 Rxc3 30. Rxe7 Rxb3 31. e6 Kg8 32. Rxb7 Kf8 0-1

[Event "Titled Tuesday intern op 29th Dec"]
[Site "Chess.com INT"]
[Date "2020.12.29"]
[Round "8"]
[White "Zhao, Erick"]
[Black "Palkovich, Denis"]
[Result "1-0"]
[WhiteElo "2039"]
[BlackElo "2190"]
[PlyCount "85"]
[EventDate "2020.12.29"]
[EventType "swiss (blitz)"]
[EventRounds "11"]
[EventCountry "USA"]
[SourceTitle "CBM 200 Extra"]
[Source "ChessBase"]
[SourceDate "2021.03.31"]
[SourceVersion "1"]
[SourceVersionDate "2021.03.31"]
[SourceQuality "1"]

1. e4 c6 2. d4 d5 3. e5 c5 4. dxc5 e6 5. a3 Bxc5 6. b4 Bb6 7. Bb2 Ne7 8. Nf3 0-0 9. Bd3 Ng6 10. 0-0 Nc6 11. Nbd2 f6 12. Bxg6 hxg6 13. Qe2 f5 14. c4 dxc4 15. Nxc4 Ne7 16. Rfd1 Nd5 17. Bd4 Bxd4 18. Rxd4 Qe7 19. Ne3 Nxe3 20. Qxe3 Bd7 21. Rad1 Bc6 22. Qg5 Rfe8 23. Qxg6 Qf7 24. Qxf7+ Kxf7 25. Ng5+ Ke7 26. Rd6 Bd5 27. Rc1 Rac8 28. Rd1 Red8 29. Rxd8 Rxd8 30. Rc1 Kd7 31. Nf7 Rc8 32. Rxc8 Kxc8 33. Nd6+ Kc7 34. Ne8+ Kc6 35. Nxg7 Kb5 36. h4 f4 37. f3 Ka4 38. h5 Bc4 39. h6 Bd3 40. Nxe6 Kxa3 41. Nxf4 Bf5 42. e6 Kxb4 43. e7 1-0

[Event "Titled Tuesday intern op 6th June"]
[Site "Chess.com INT"]
[Date "2020.06.02"]
[Round "1"]
[White "Palkovich, Denis"]
[Black "Isik, Alparslan"]
[Result "0-1"]
[WhiteElo "2190"]
[BlackElo "2321"]
[PlyCount "86"]
[EventDate "2020.06.02"]
[EventType "swiss (blitz)"]
[EventRounds "10"]
[EventCountry "USA"]
[SourceTitle "CBM 196 Extra"]
[Source "ChessBase"]
[SourceDate "2020.07.31"]
[SourceVersion "1"]
[SourceVersionDate "2020.07.31"]
[SourceQuality "1"]

1. d4 Nf6 2. Bf4 d5 3. e3 c5 4. c3 e6 5. Nd2 Nc6 6. Bd3 Be7 7. Ngf3 0-0 8. Ne5 Nd7 9. Qf3 Ndxe5 10. dxe5 f5 11. g4 d4 12. exd4 cxd4 13. gxf5 exf5 14. Rg1 Be6 15. Qg3 g6 16. h4 Bxh4 17. Qh3 dxc3 18. bxc3 Be7 19. Rd1 Qa5 20. Qh6 Nxe5 21. Be2 Rf7 22. Nf3 Nxf3+ 23. Bxf3 Qxc3+ 24. Rd2 Qxf3 25. Rxg6+ hxg6 26. Qxg6+ Kf8 27. Bh6+ Ke8 28. Qg8+ Bf8 29. Bxf8 Qe4+ 30. Kd1 Rxf8 31. Qg6+ Bf7 32. Qf6 Qb1+ 33. Ke2 Qe4+ 34. Kd1 Qa4+ 35. Ke1 Bc4 36. Qe5+ Kf7 37. Rd6 Kg8 38. Qf6 Rxf6 39. Rxf6 Qb4+ 40. Kd1 Qb1+ 41. Kd2 Qd3+ 42. Kc1 Qc3+ 43. Kb1 Qxf6 0-1

[Event "Titled Tuesday intern op 26th May"]
[Site "Chess.com INT"]
[Date "2020.05.26"]
[Round "5"]
[White "Larina, Marija"]
[Black "Palkovich, Denis"]
[Result "0-1"]
[WhiteElo "1948"]
[BlackElo "2190"]
[PlyCount "134"]
[EventDate "2020.05.26"]
[EventType "swiss (blitz)"]
[EventRounds "10"]
[EventCountry "USA"]
[SourceTitle "CBM 196 Extra"]
[Source "ChessBase"]
[SourceDate "2020.07.31"]
[SourceVersion "1"]
[SourceVersionDate "2020.07.31"]
[SourceQuality "1"]

1. e4 d5 2. exd5 Nf6 3. Bb5+ Bd7 4. Bxd7+ Qxd7 5. c4 c6 6. dxc6 Nxc6 7. Nf3 e5 8. 0-0 e4 9. Re1 0-0-0 10. Ng5 Bc5 11. Nxe4 Nxe4 12. Rxe4 f5 13. Re1 Qd4 14. Qf3 Rhe8 15. Rf1 Ne5 16. Qxf5+ Kb8 17. Nc3 Rf8 18. Qe4 Rxf2 19. Qxd4 Bxd4 20. Rxf2 Rf8 21. Nd1 Nd3 22. Rb1 Nxf2 23. Nxf2 Rxf2 24. h3 Rxd2+ 25. Kh2 Be5+ 26. Kg1 Rd1+ 27. Kf2 Kc8 28. Ke2 Rh1 29. b3 Bf4 30. Bxf4 Rxb1 31. Be5 g6 32. Kf3 Kd7 33. g4 Ke6 34. Bd4 Rh1 35. Kg2 Rd1 36. Bxa7 Rd2+ 37. Kf3 Rxa2 38. Bd4 Ra3 39. Ke4 Rxb3 40. h4 Rh3 41. Bf2 h5 42. gxh5 gxh5 43. Kf4 Rc3 44. c5 Rc2 45. Bd4 Kd5 46. Be3 Rxc5 47. Kg5 b5 48. Kxh5 Rc3 49. Bc1 b4 50. Bb2 Rc2 51. Bf6 b3 52. Kg6 Ke6 53. h5 Rg2+ 54. Bg5 b2 55. h6 Rxg5+ 56. Kxg5 b1Q 57. h7 Qxh7 58. Kf4 Qh5 59. Ke3 Qg4 60. Kd3 Ke5 61. Ke3 Qd4+ 62. Kf3 Kf5 63. Ke2 Qc3 64. Kf2 Kf4 65. Ke2 Qc2+ 66. Kf1 Kf3 67. Ke1 Qe2# 0-1

[Event "Titled Tuesday intern op 26th May"]
[Site "Chess.com INT"]
[Date "2020.05.26"]
[Round "4"]
[White "Palkovich, Denis"]
[Black "Mohammad Fahad, Rahman"]
[Result "0-1"]
[WhiteElo "2190"]
[BlackElo "2319"]
[PlyCount "68"]
[EventDate "2020.05.26"]
[EventType "swiss (blitz)"]
[EventRounds "10"]
[EventCountry "USA"]
[SourceTitle "CBM 196 Extra"]
[Source "ChessBase"]
[SourceDate "2020.07.31"]
[SourceVersion "1"]
[SourceVersionDate "2020.07.31"]
[SourceQuality "1"]

1. d4 Nf6 2. Bf4 g6 3. e3 Bg7 4. Nf3 d6 5. Be2 0-0 6. h3 Nbd7 7. 0-0 Qe8 8. c4 e5 9. Bh2 b6 10. Nc3 Bb7 11. Rc1 Rd8 12. Re1 a6 13. b4 c5 14. bxc5 dxc5 15. Nxe5 Nxe5 16. Bxe5 Qe6 17. Qb3 Rfe8 18. Na4 cxd4 19. Bxd4 Qf5 20. Qxb6 Ba8 21. Qc5 Qe6 22. Nb6 Ne4 23. Qc7 Rxd4 24. exd4 Bxd4 25. Nxa8 Bxf2+ 26. Kh1 Ng3+ 27. Kh2 Nxe2 28. Rxe2 Qxe2 29. Qf4 Be3 30. Qf3 Qxf3 31. gxf3 Bxc1 32. Nc7 Re2+ 33. Kg3 Rc2 34. Nd5 Rxc4 0-1

[Event "Titled Tuesday intern op 12th May"]
[Site "Chess.com INT"]
[Date "2020.05.12"]
[Round "3"]
[White "Ghosh, Chanchal Kumer"]
[Black "Palkovich, Denis"]
[Result "1-0"]
[WhiteElo "2061"]
[BlackElo "2190"]
[PlyCount "49"]
[EventDate "2020.05.12"]
[EventType "swiss (blitz)"]
[EventRounds "10"]
[EventCountry "USA"]
[SourceTitle "EXT 2021"]
[Source "ChessBase"]
[SourceDate "2020.10.23"]
[SourceVersion "1"]
[SourceVersionDate "2020.10.23"]
[SourceQuality "1"]

1. e4 d5 2. exd5 Nf6 3. d4 Nxd5 4. c4 Nb6 5. Nc3 e5 6. d5 c6 7. Nf3 Bb4 8. Nxe5 0-0 9. Be2 cxd5 10. 0-0 d4 11. Nb5 Re8 12. Bf4 Bd6 13. Nxd6 Qxd6 14. Nd3 Qe7 15. Bf3 Nc6 16. Re1 Be6 17. c5 Nd7 18. Bd6 Qg5 19. b4 a6 20. a4 Nf6 21. b5 axb5 22. axb5 Rxa1 23. Qxa1 Ne7 24. Qxd4 Nf5 25. Qe5 1-0

[Event "Titled Tuesday intern op 3rd Jan"]
[Site "Chess.com INT"]
[Date "2019.12.03"]
[Round "1"]
[White "Barp, Alberto"]
[Black "Palkovich, Denis"]
[Result "1-0"]
[WhiteElo "2385"]
[BlackElo "2190"]
[PlyCount "91"]
[EventDate "2019.12.03"]
[EventType "swiss (blitz)"]
[EventRounds "10"]
[EventCountry "USA"]
[SourceTitle "EXT 2021"]
[Source "ChessBase"]
[SourceDate "2020.10.23"]
[SourceVersion "1"]
[SourceVersionDate "2020.10.23"]
[SourceQuality "1"]

1. d4 d5 2. c4 Bf5 3. cxd5 Bxb1 4. Qa4+ Qd7 5. Qxd7+ Nxd7 6. Rxb1 Ngf6 7. Bd2 g6 8. f3 Nxd5 9. e4 N5b6 10. Rc1 c6 11. Be3 Bg7 12. Bd3 0-0 13. Ne2 e5 14. Kf2 exd4 15. Bxd4 Ne5 16. Rhd1 Nxd3+ 17. Rxd3 Rad8 18. Rcd1 f5 19. exf5 Rxf5 20. Bxg7 Rxd3 21. Rxd3 Kxg7 22. Nc3 Kf7 23. g4 Rc5 24. Kg3 h6 25. h4 Ke6 26. Re3+ Re5 27. Rd3 Nd5 28. Ne4 Nb4 29. Rd6+ Kf7 30. Rd7+ Re7 31. Rd4 Nxa2 32. Ra4 Nc1 33. Rxa7 Nd3 34. b3 b5 35. Ra6 Nb4 36. Ra8 Rd7 37. g5 hxg5 38. hxg5 Rd3 39. Ra7+ Kf8 40. Nc5 Rd5 41. Ne6+ Kg8 42. Rg7+ Kh8 43. Rxg6 Nc2 44. Nf4 Rd1 45. Rxc6 Rg1+ 46. Kf2 1-0

[Event "Titled Tuesday intern op 3rd Jan"]
[Site "Chess.com INT"]
[Date "2019.12.03"]
[Round "9"]
[White "Palkovich, Denis"]
[Black "Prilleltensky, Matan"]
[Result "1-0"]
[WhiteElo "2190"]
[BlackElo "2111"]
[PlyCount "73"]
[EventDate "2019.12.03"]
[EventType "swiss (blitz)"]
[EventRounds "10"]
[EventCountry "USA"]
[SourceTitle "EXT 2021"]
[Source "ChessBase"]
[SourceDate "2020.10.23"]
[SourceVersion "1"]
[SourceVersionDate "2020.10.23"]
[SourceQuality "1"]

1. d4 d5 2. Bf4 c5 3. e3 Nc6 4. c3 Nf6 5. Nd2 Bf5 6. Ngf3 e6 7. Qb3 Qc8 8. Nh4 Be4 9. f3 c4 10. Qd1 Bd3 11. Bxd3 cxd3 12. g4 b6 13. 0-0 h6 14. Ng2 g5 15. Bg3 h5 16. h3 hxg4 17. hxg4 Be7 18. Ne1 Qd7 19. Nxd3 Bd6 20. Ne5 Qc7 21. Qa4 Bxe5 22. Bxe5 b5 23. Qxb5 Qd7 24. Bxf6 Rh6 25. Bxg5 Rg6 26. Bf4 Rb8 27. Qe2 Rxb2 28. Rfb1 Rc2 29. Qd3 e5 30. Qxc2 exf4 31. Nf1 f5 32. exf4 Kf7 33. g5 Qd6 34. Rb7+ Ne7 35. Qxf5+ Kg8 36. Rxe7 Rg7 37. Re8+ 1-0

[Event "Titled Tuesday intern op 3rd Jan"]
[Site "Chess.com INT"]
[Date "2019.12.03"]
[Round "5"]
[White "Vitenberg, Noam Aviv"]
[Black "Palkovich, Denis"]
[Result "0-1"]
[WhiteElo "2230"]
[BlackElo "2190"]
[PlyCount "108"]
[EventDate "2019.12.03"]
[EventType "swiss (blitz)"]
[EventRounds "10"]
[EventCountry "USA"]
[SourceTitle "EXT 2021"]
[Source "ChessBase"]
[SourceDate "2020.10.23"]
[SourceVersion "1"]
[SourceVersionDate "2020.10.23"]
[SourceQuality "1"]

1. c4 c6 2. e4 d6 3. d4 Nd7 4. Nf3 h6 5. h4 e5 6. h5 Ngf6 7. Nc3 Qc7 8. Be2 Be7 9. Nh4 exd4 10. Qxd4 Ne5 11. Bf4 Be6 12. Nf5 Bxf5 13. exf5 b6 14. 0-0-0 0-0-0 15. f3 Nfd7 16. Ne4 Nf6 17. Kb1 Nxe4 18. fxe4 Bf6 19. Qd2 c5 20. Qd5 Qc6 21. Qxc6+ Nxc6 22. Rxd6 Nd4 23. Bg4 Rxd6 24. Bxd6 Re8 25. e5 Bxe5 26. Re1 f6 27. Bxe5 fxe5 28. f6+ Kd8 29. fxg7 Rg8 30. Rxe5 Rxg7 31. Bf3 Rf7 32. Re3 Re7 33. Rxe7 Kxe7 34. Kc1 Kf6 35. Kd2 Nxf3+ 36. gxf3 Kg5 37. Ke3 Kxh5 38. Kf4 Kg6 39. Kg4 h5+ 40. Kf4 Kf6 41. a3 a6 42. b4 a5 43. bxa5 bxa5 44. a4 Kg6 45. Ke4 h4 46. Kf4 Kh5 47. Ke3 Kg5 48. Kf2 Kf4 49. Kg2 h3+ 50. Kxh3 Kxf3 51. Kh4 Ke4 52. Kg5 Kd4 53. Kf4 Kxc4 54. Ke3 Kb3 0-1

[Event "Titled Tuesday intern op 3rd Sept"]
[Site "Chess.com INT"]
[Date "2019.09.03"]
[Round "1"]
[White "Carnicelli, Valerio"]
[Black "Palkovich, Denis"]
[Result "1/2-1/2"]
[WhiteElo "2296"]
[BlackElo "2190"]
[PlyCount "117"]
[EventDate "2019.09.03"]
[EventType "swiss (blitz)"]
[EventRounds "10"]
[EventCountry "USA"]
[SourceTitle "EXT 2021"]
[Source "ChessBase"]
[SourceDate "2020.10.23"]
[SourceVersion "1"]
[SourceVersionDate "2020.10.23"]
[SourceQuality "1"]

1. e4 c6 2. d4 d5 3. e5 c5 4. dxc5 e6 5. Nf3 Bxc5 6. a3 Ne7 7. Bd3 Nbc6 8. 0-0 Ng6 9. b4 Bb6 10. Bb2 0-0 11. Nbd2 f6 12. exf6 gxf6 13. c4 Nf4 14. Qc2 Nxd3 15. Qxd3 dxc4 16. Qxc4 Qd5 17. Qxd5 exd5 18. Nb3 Bg4 19. Nfd4 Ne5 20. f3 Bh5 21. Rfd1 Nc4 22. Bc3 Rac8 23. Be1 Ne3 24. Rd3 Nc2 25. Rad1 Nxa3 26. Bf2 Nc4 27. Nc5 Bxc5 28. bxc5 Nb2 29. Nf5 Nxd3 30. Ne7+ Kf7 31. Nxc8 Nxf2 32. Nd6+ Ke6 33. Kxf2 Bg6 34. Re1+ Kd7 35. Nxb7 Kc6 36. Na5+ Kxc5 37. Rc1+ Kb5 38. Nb7 a5 39. Nd6+ Kb4 40. f4 Be4 41. g4 Ra8 42. Ke3 a4 43. Nxe4 dxe4 44. Kxe4 a3 45. Kf5 a2 46. Ra1 Ra6 47. h4 Kb3 48. h5 Kb2 49. Rh1 a1Q 50. Rxa1 Kxa1 51. g5 fxg5 52. fxg5 Kb2 53. g6 hxg6+ 54. hxg6 Kc3 55. g7 Ra8 56. Kf6 Kd4 57. Kf7 Ke5 58. g8Q Rxg8 59. Kxg8 1/2-1/2

[Event "Titled Tuesday intern op 3rd Sept"]
[Site "Chess.com INT"]
[Date "2019.09.03"]
[Round "7"]
[White "Palkovich, Denis"]
[Black "Do Nascimento, Christian Almeida"]
[Result "1-0"]
[WhiteElo "2190"]
[BlackElo "2037"]
[PlyCount "163"]
[EventDate "2019.09.03"]
[EventType "swiss (blitz)"]
[EventRounds "10"]
[EventCountry "USA"]
[SourceTitle "EXT 2021"]
[Source "ChessBase"]
[SourceDate "2020.10.23"]
[SourceVersion "1"]
[SourceVersionDate "2020.10.23"]
[SourceQuality "1"]

1. d4 Nf6 2. Bf4 d6 3. e3 g6 4. Nf3 Bg7 5. h3 0-0 6. Be2 Nbd7 7. 0-0 c5 8. c4 cxd4 9. exd4 b6 10. Nc3 Bb7 11. d5 Nc5 12. Re1 Nce4 13. Nxe4 Nxe4 14. Qc2 Nf6 15. Rad1 Rc8 16. Qd3 b5 17. b3 bxc4 18. bxc4 Ba6 19. Qb3 Qb6 20. Nd4 Nxd5 21. cxd5 Bxe2 22. Qxb6 axb6 23. Rxe2 Rfe8 24. Rc2 Bxd4 25. Rxc8 Rxc8 26. Rxd4 Rc5 27. a4 f6 28. Kf1 Kf7 29. Ke2 Rc2+ 30. Bd2 Ra2 31. Rb4 g5 32. g4 Ra3 33. Be3 Kg6 34. Bxb6 Rxh3 35. Be3 Rh1 36. a5 Ra1 37. Rb5 f5 38. gxf5+ Kxf5 39. Bd2 h5 40. Rb7 Kf6 41. Rb8 Ra2 42. Rg8 g4 43. Kd3 Kf5 44. Rg5+ Kf6 45. Rxh5 Ra3+ 46. Bc3+ Kg6 47. Rh8 Ra2 48. Bd2 Kf5 49. Re8 Kf6 50. Rg8 Kf5 51. Rg7 Ke5 52. Rxe7+ Kxd5 53. Rg7 Ra3+ 54. Bc3 Ra4 55. Rg5+ Ke6 56. Bd4 d5 57. Rxg4 Rxa5 58. Rg6+ Kf5 59. Rf6+ Kg4 60. Be3 Ra4 61. Rd6 Kf3 62. Rxd5 Ra3+ 63. Kd4 Ra4+ 64. Ke5 Re4+ 65. Kf5 Re8 66. Rd6 Ra8 67. Rf6 Ke2 68. Ke4 Ra4+ 69. Bd4 Ra8 70. f4 Re8+ 71. Be5 Ra8 72. Rb6 Kf2 73. Rb3 Ra4+ 74. Bd4+ Ke2 75. Rb2+ Kd1 76. f5 Kc1 77. Rf2 Ra8 78. f6 Re8+ 79. Be5 Kd1 80. f7 Rf8 81. Bd6 Rxf7 82. Rxf7 1-0

[Event "Titled Tuesday intern op 7th May"]
[Site "Chess.com INT"]
[Date "2019.05.07"]
[Round "6"]
[White "Kaufman, Raymond"]
[Black "Palkovich, Denis"]
[Result "1-0"]
[WhiteElo "2281"]
[BlackElo "2184"]
[PlyCount "59"]
[EventDate "2019.05.07"]
[EventType "swiss (blitz)"]
[EventRounds "10"]
[EventCountry "USA"]
[SourceTitle "EXT 2021"]
[Source "ChessBase"]
[SourceDate "2020.10.23"]
[SourceVersion "1"]
[SourceVersionDate "2020.10.23"]
[SourceQuality "1"]

1. e4 c6 2. d4 d5 3. e5 c5 4. dxc5 e6 5. a3 Bxc5 6. Bd3 Ne7 7. Nf3 Nbc6 8. 0-0 Ng6 9. Qe2 Nd4 10. Nxd4 Bxd4 11. c3 Bxe5 12. Bxg6 Bxh2+ 13. Kxh2 Qh4+ 14. Kg1 hxg6 15. f4 Bd7 16. Nd2 Qh2+ 17. Kf2 Qxf4+ 18. Nf3 Qa4 19. Nd4 0-0-0 20. Bf4 f6 21. b3 Qa5 22. b4 Qb6 23. a4 e5 24. a5 Qd6 25. Bg3 Qe7 26. a6 b6 27. c4 Qf7 28. cxd5 Qxd5 29. Rac1+ Kb8 30. Rfd1 1-0

[Event "Titled Tuesday intern op 7th May"]
[Site "Chess.com INT"]
[Date "2019.05.07"]
[Round "3"]
[White "Palkovich, Denis"]
[Black "Colijn, Stefan"]
[Result "0-1"]
[WhiteElo "2184"]
[BlackElo "2324"]
[PlyCount "56"]
[EventDate "2019.05.07"]
[EventType "swiss (blitz)"]
[EventRounds "10"]
[EventCountry "USA"]
[SourceTitle "EXT 2021"]
[Source "ChessBase"]
[SourceDate "2020.10.23"]
[SourceVersion "1"]
[SourceVersionDate "2020.10.23"]
[SourceQuality "1"]

1. d4 Nf6 2. Bf4 c5 3. e3 g6 4. Nf3 Bg7 5. Be2 0-0 6. 0-0 b6 7. c4 cxd4 8. exd4 d5 9. Nc3 Nc6 10. c5 bxc5 11. dxc5 d4 12. Na4 Nd5 13. Bg5 h6 14. Bd2 e5 15. Bb5 Qc7 16. Re1 Re8 17. Nxd4 Bd7 18. Nxc6 Bxc6 19. Bxc6 Qxc6 20. b4 a5 21. a3 e4 22. Ra2 Kh7 23. Qb3 Reb8 24. Nc3 Nxc3 25. Bxc3 Bxc3 26. Qxc3 axb4 27. Qc4 bxa3 28. Qxf7+ Kh8 0-1

[Event "Sochi Amateur op 6th"]
[Site "Sochi"]
[Date "2019.04.11"]
[Round "7"]
[White "Afonasieva, Anna"]
[Black "Palkovich, Denis"]
[Result "1/2-1/2"]
[WhiteElo "2209"]
[BlackElo "2190"]
[PlyCount "100"]
[EventDate "2019.04.07"]
[EventType "swiss"]
[EventRounds "9"]
[EventCountry "RUS"]
[SourceTitle "CBM 189 Extra"]
[Source "ChessBase"]
[SourceDate "2019.06.03"]
[SourceVersion "1"]
[SourceVersionDate "2019.06.03"]
[SourceQuality "1"]

1. d4 d5 2. c4 Bf5 3. cxd5 Bxb1 4. Qa4+ Qd7 5. Qxd7+ Nxd7 6. Rxb1 Ngf6 7. Nf3 g6 8. e3 Nxd5 9. Bd2 Bg7 10. Bd3 0-0 11. b4 c6 12. Ke2 e5 13. dxe5 Nxe5 14. Nxe5 Bxe5 15. Rhc1 a6 16. g3 Rfe8 17. Rb3 Bd6 18. Kf3 Nb6 19. e4 Rad8 20. Kg2 Nd7 21. Be3 Nf8 22. a4 Ne6 23. Bc4 Bf8 24. b5 axb5 25. axb5 Nd4 26. Bxd4 Rxd4 27. bxc6 bxc6 28. Rb7 Re7 29. Rxe7 Bxe7 30. e5 Kg7 31. Rc2 g5 32. h3 Bb4 33. e6 fxe6 34. Bxe6 c5 35. Rc4 Rd6 36. Bf5 h6 37. Kf3 Kf6 38. Bc2 Ke5 39. Re4+ Kf6 40. h4 Bc3 41. h5 Rd2 42. Re2 g4+ 43. Ke3 Rd4 44. f3 gxf3 45. Kxf3 Rd5 46. g4 Bd2 47. Bf5 Rd6 48. Re4 Bc3 49. Re8 Bd4 50. Ke4 Kf7 1/2-1/2

[Event "Titled Tuesday intern op 2nd April"]
[Site "Chess.com INT"]
[Date "2019.04.02"]
[Round "7"]
[White "Palkovich, Denis"]
[Black "Omariev, Maksim"]
[Result "0-1"]
[WhiteElo "2190"]
[BlackElo "2304"]
[PlyCount "102"]
[EventDate "2019.04.02"]
[EventType "swiss (blitz)"]
[EventRounds "10"]
[EventCountry "USA"]
[SourceTitle "EXT 2021"]
[Source "ChessBase"]
[SourceDate "2020.10.23"]
[SourceVersion "1"]
[SourceVersionDate "2020.10.23"]
[SourceQuality "1"]

1. d4 g6 2. Bf4 Bg7 3. e3 d6 4. Nf3 Nc6 5. h3 e5 6. Bh2 f5 7. Be2 Qe7 8. 0-0 Nf6 9. c4 0-0 10. Nc3 h6 11. Re1 g5 12. Nd5 Nxd5 13. cxd5 Nd8 14. dxe5 dxe5 15. Qb3 Kh8 16. Rac1 c6 17. dxc6 Nxc6 18. Bb5 Bd7 19. Red1 Rad8 20. Qa4 a6 21. Bxc6 Bxc6 22. Qa5 Bxf3 23. gxf3 f4 24. Rxd8 Rxd8 25. Rc7 Rd7 26. Rc8+ Kh7 27. Kg2 Qe6 28. Qc5 Rd2 29. Rc7 Rd7 30. Qc2+ Kg8 31. Rc8+ Kf7 32. Qh7 Kf6 33. e4 Re7 34. Rd8 Re8 35. Rxe8 Qxe8 36. Qf5+ Ke7 37. h4 Qf7 38. hxg5 Qxf5 39. exf5 hxg5 40. Kf1 Kf6 41. Ke2 Kxf5 42. Kd3 Bf6 43. b3 Be7 44. Bg1 Bc5 45. Kc4 Bd4 46. Kd5 g4 47. fxg4+ Kxg4 48. Ke4 Kh3 49. Kf3 b5 50. a4 bxa4 51. bxa4 a5 0-1

[Event "Titled Tuesday intern op 2nd April"]
[Site "Chess.com INT"]
[Date "2019.04.02"]
[Round "4"]
[White "Palkovich, Denis"]
[Black "Perez Rodriguez, Jennifer"]
[Result "0-1"]
[WhiteElo "2190"]
[BlackElo "2237"]
[PlyCount "126"]
[EventDate "2019.04.02"]
[EventType "swiss (blitz)"]
[EventRounds "10"]
[EventCountry "USA"]
[SourceTitle "EXT 2021"]
[Source "ChessBase"]
[SourceDate "2020.10.23"]
[SourceVersion "1"]
[SourceVersionDate "2020.10.23"]
[SourceQuality "1"]

1. d4 Nf6 2. Bf4 e6 3. e3 d5 4. Nd2 c5 5. c3 Bd6 6. Bxd6 Qxd6 7. f4 0-0 8. Ngf3 b6 9. Ne5 Ba6 10. Bxa6 Nxa6 11. 0-0 Nd7 12. Ndf3 Nab8 13. a4 f6 14. Nxd7 Nxd7 15. a5 b5 16. a6 Rab8 17. Qb3 Rb6 18. Qa3 Rfb8 19. Ra2 c4 20. Qa5 b4 21. Rfa1 bxc3 22. bxc3 Rb1+ 23. Rxb1 Rxb1+ 24. Kf2 Qb6 25. Qa4 Nf8 26. h3 Rc1 27. Qa3 Qb3 28. Qxc1 Qxa2+ 29. Nd2 Qxa6 30. e4 Qb5 31. Qa3 a5 32. exd5 exd5 33. Qd6 a4 34. f5 Qd7 35. Qxd7 Nxd7 36. Nb1 Kf7 37. Ke3 Ke7 38. Kd2 Kd6 39. Kc2 Nb8 40. Kb2 Nc6 41. Ka3 g6 42. fxg6 hxg6 43. Kxa4 Ne7 44. Na3 Nf5 45. Nb5+ Kc6 46. Na7+ Kb7 47. Nb5 Ne3 48. Nd6+ Kc6 49. Ne8 f5 50. g3 Nf1 51. Ng7 Nxg3 52. Ne6 Ne2 53. Kb4 f4 54. Ng5 Kd6 55. Nf3 Ke6 56. h4 Kf5 57. Kc5 Nxc3 58. Kd6 Ke4 59. Ng5+ Kxd4 60. Ke6 Ne4 61. Kf7 Nxg5+ 62. hxg5 f3 63. Kxg6 f2 0-1

[Event "Titled Tuesday intern op 2nd April"]
[Site "Chess.com INT"]
[Date "2019.04.02"]
[Round "6"]
[White "Palkovich, Denis"]
[Black "Schut, Han"]
[Result "1-0"]
[WhiteElo "2190"]
[BlackElo "2173"]
[PlyCount "77"]
[EventDate "2019.04.02"]
[EventType "swiss (blitz)"]
[EventRounds "10"]
[EventCountry "USA"]
[SourceTitle "EXT 2021"]
[Source "ChessBase"]
[SourceDate "2020.10.23"]
[SourceVersion "1"]
[SourceVersionDate "2020.10.23"]
[SourceQuality "1"]

1. d4 Nf6 2. Bf4 d5 3. e3 e6 4. Nd2 Bd6 5. Ngf3 b6 6. Bd3 Bb7 7. Ne5 Ne4 8. Qf3 Nxd2 9. Kxd2 Qe7 10. h4 Nd7 11. Bb5 Bxe5 12. Bxd7+ Qxd7 13. Bxe5 f6 14. Bg3 0-0-0 15. Rad1 Qa4 16. a3 e5 17. Kc1 e4 18. Qf4 Qd7 19. h5 h6 20. Rh4 Qf7 21. Rg4 Rd7 22. Rg6 Kb8 23. Rh1 Ba6 24. Rh4 Be2 25. Qf5 Rhd8 26. Kd2 Bf1 27. Bf4 Qf8 28. Rhg4 Kb7 29. Rg3 c5 30. Qg4 cxd4 31. exd4 Qe8 32. Rxg7 Rxg7 33. Qxg7+ Rd7 34. Qg6 Qc8 35. Rc3 Qd8 36. Qxh6 Bxg2 37. Qg6 Qh8 38. Qxg2 Qxh5 39. Qg8 1-0